000
00194 a2200097 4500
020
_a
9780399149320
041
_a
eng
100
_a
Cornwell, Patricia
245
_a
Portrait of a killer
942
_c
BK
999
_c
8157
_d
8157